000 00290nam a22001097a 4500
040 _cSK
082 _a323
100 _aវង្ស​ អែមសំអាន
245 _aសង្គមវិទ្យាមូលដ្ឋាន
260 _aPhnom Penh
_bវង្ស
_c2005
942 _cKB
999 _c8410
_d8410